00674nam a2200205Ia 4500003000900000008004100009040001300050040001300063041000800076100002100084245009000105250001200195260001200207260000900219300001100228300001000239490003600249490000700285600017600292IT-RoPAU120407s9999 xx 000 0 und d aIT-RoPAU cIT-RoPAU aita aHeinrich Schlier aRiflessioni sul Nuovo testamento Traduzione di Maria Bellincioni e Angela Martinotti aBrescia aPaideia c1969 a487 p. c21 cm aBibliotrea di cultura religiosa v17 a"Tit. orig.:Besinnung auf das Neue Testament 1. Bibbia, Nuovo Testamento , Saggi I - Bellincioni Maria II - Martinotti Angela 225 BNI 70-7229"